1079 1284 1914 1550 1531 1128 1579 1319 1061 1988 1808 1390 1088 1988 1518 1318 1872 1732 1820 1778 1497 1578 1276 1619 1224 1899 1635 1342 1656 1930 1304 1772 1851 1962 1784 1021 1646 1356 1496 1260 1582 1752 1447 1940 1425 1276 1118 1906 1550 1640 1606 1615 1261 1174 1947 1478 1593 1746 1324 1142 1556 1478 1466 1644 1250 1349 1947 1107 1936 1966 1716 1411 1673 1349 1843 1746 1911 1073 1608 1392 1001 1713 1706 1155 1102 1524 1563 1127 1092 1233 1968 1334 1203 1253 1124 1669 1387 1072 1202 BCNSPRNW ULIB Ver.6.0+V

เปลี่ยนเป็นภาษาไทย

Change to English
 แสดงรายละเอียดบรรณานุกรม
  กลับหน้าหลัก

Brief Record : Get Marc (ISO 2709) : E-mail record : QR code < ปิดหน้าต่าง
LEADER : 00000nam 2200000uu 4500
001    13399113895
003     ULIB
008    110320s||||||||th 000 0 tha d
099    วพ.WP580^bส287อ
100 0  สมหมาย คชนาม
245 00 อายุเมื่อหมดประจำเดือนและปัจจัยที่เกี่ยวข้องของสตรีวัยหมดประจำเดือน ในจังหวัดสุราษฎร์ธานี/^cสมหมาย คชนาม
260    กรุงเทพฯ :^bมหาวิทยาลัยมหิดล,^c2535
300    89 หน้า :^bตาราง
500    วิทยานิพนธ์
650  7 วัยหมดประจเดือน^xวิจัย
710 2  มหาวิทยาลัยมหิดล
945    ^p0^l0^i030956
995    ทศพร
999 ^a ใช้งานได้ทุกระบบ
รายการนี้ยังไม่มีแท็ก
คุณยังไม่ได้ล็อกอิน คุณสามารถมีกิจกรรมร่วมกับเว็บไซต์ได้ แต่ต้องล็อกอินก่อน ::
  ล็อกอิน

รายการสื่อสารสนเทศ

ลำดับที่ ประเภท เลขเรียก/บาร์โค้ด สถานที่ สถานะ
1. วิทยานิพนธ์
วิทยานิพนธ์
วพ.WP580 ส287อ ฉ.1 
  Barcode: 030956
ห้องสมุดวิทยาเขตสวรรค์ประชารักษ์
►วิจัย
บนชั้น

BibComment


ยังไม่เคยถูกคอมเมนท์

คอมเมนท์ทรัพยากรรายการนี้
  คอมเมนท์: อายุเมื่อหมดประจำ..


 Copyright 2026. Bcnsprnw @Library